000 02344cam a22004934i 4500
003 PE-LiUPU
005 20250731173110.0
008 181218s2018 ilu r 000 0 eng d
020 _a0830838147
020 _a9780830838141
035 _a(Sirsi) a251093
040 _aPE-LiUPU
_bspa
_cPE-LiUPU
_erda
049 _aPRUA
082 0 4 _a261.55
_bC77
_223
100 1 _aCootsona, Gregory S.,
_eautor.
245 1 0 _aMere science and Christian faith :
_bbridging the divide with emerging adults /
_cGreg Cootsona.
264 1 _aDowners Grove :
_bInterVarsity Press,
_c2018.
300 _a184 páginas ;
_c21 centímetros
336 _atext
_2rdacontent
337 _aunmediated
_2rdamedia
338 _avolume
_2rdacarrier
505 0 _aCreation, beauty, and science -- Emerging adult faith: not an LP, but a digital download: Case study: addressing the new atheism -- Emerging adults: are they none and done? Case study: cognitive science and reasons not to believe -- On a crash course with hermeneutics: Two case studies: Making two much of a good thing: Big bang and fine-tuning -- Adam, Eve, and history: Case study: what about intelligent design? Where's your ID? -- Calling out the good in technology -- Give technology a break: Two case studies: on global climate change and sexuality (where we're tempted to ask science for things it can't deliver) -- Moving forward. -- Give technology a break: Two case studies: on global climate change and sexuality (where we're tempted to ask science for things it can't deliver) -- Moving forward.
526 _aSEG42
526 _aSEG41
526 _aSEG40
526 _aSEG39
526 _aP94
526 _aP87
526 _aP86
526 _aP85
526 _aP77
526 _aP76
526 _aP35
650 4 _aFe.
_93098
650 0 _aCristianismo
_xFilosofía.
650 4 _aTeología, doctrinal.
_93091
650 0 _aAdultos jóvenes
_xReligiosa vida.
910 _adbm
_brri
_crri
_d20181218
942 _2ddc
_cBOOK
994 _aC0
_bPEPRU
596 _a1
999 _a261.55 C77
_wDEWEY
_c30543
_i79367
_f2021-11-10
_g5
_lCCODEBUL1
_mBUL
_p10.20
_r0
_sY
_tBOOK
_u2018-12-18
_xTEOLOGIA
_PP85
_0DONACION
_1FCOMPR2
_o.STAFF. Colección Teología
_d30543
980 _81
_gALBERTO SANCHEZ Responsable de Automatización